000
00284nam a2200109Ia 4500
008
200302s9999 xx 000 0 und d
100
_a
Richard T. Legates & others
245
_a
The City Reader 2nd ed.
260
_b
Routledge Taylor & Francis Group
260
_c
2002
300
_a
608 P.,
999
_c
5603
_d
5603